000 00312 a2200109 4500
001 ART_11973
005 20260410161902.0
008 260409a
245 1 0 _aLobbying and welfare
100 1 _aTullock, Gordon
773 0 _tJournal of public economics
_g- Vol. 16, NÂș 3 (dic. 1981)
_wREV11485
999 _c25979
_d25979